IMDB Bottom 100 - Statistics

General Stats
  • This quiz has been taken 13 times
  • The average score is 16 of 100
Answer Stats
Hint Answer % Correct
2003 The Room
50%
2019 Cats
42%
1997 Batman & Robin
33%
2006 Date Movie
33%
2008 Disaster Movie
33%
2007 Epic Movie
33%
2003 Gigli
33%
2011 Jack and Jill
33%
1966 Manos: The Hands of Fate
33%
1997 Mortal Kombat: Annihilation
33%
2017 The Emoji Movie
33%
1990 Troll 2
33%
2010 Birdemic: Shock and Terror
25%
2009 Dragonball Evolution
25%
2016 Fifty Shades of Black
25%
2012 Foodfight!
25%
2003 House of the Dead
25%
1983 Jaws 3-D
25%
2013 Scary Movie V
25%
2005 Son of the Mask
25%
1987 Superman IV: The Quest for Peace
25%
2008 The Hottie & The Nottie
25%
2015 The Human Centipede III (Final Sequence)
25%
2008 The Love Guru
25%
2006 The Wicker Man
25%
2010 Vampires Suck
25%
2023 Winnie the Pooh: Blood and Honey
25%
2020 365 Days
17%
2022 365 Days: This Day
17%
2005 Alone in the Dark
17%
1996 Barb Wire
17%
2000 Battlefield Earth
17%
2005 BloodRayne
17%
2007 Bratz
17%
2004 Catwoman
17%
2007 Daddy Day Camp
17%
2000 Dungeons & Dragons
17%
2008 Far Cry
17%
2002 Feardotcom
17%
2003 From Justin to Kelly
17%
2001 Glitter
17%
1989 Going Overboard
17%
1970 Hercules in New York
17%
1988 Hobgoblins
17%
1987 Jaws: The Revenge
17%
1996 Kazaam
17%
2014 Kirk Cameron's Saving Christmas
17%
1988 Mac and Me
17%
2008 Meet the Spartans
17%
1964 Santa Claus Conquers the Martians
17%
2018 Slender Man
17%
1997 Steel
17%
1998 The Avengers
17%
2014 The Hungover Games
17%
2013 The Starving Games
17%
1998 3 Ninjas: High Noon at Mega Mountain
8%
2023 Adipurush
8%
2020 Baaghi 3
8%
1999 Baby Geniuses
8%
2019 Black Christmas
8%
2020 Breach
8%
2011 Bucky Larson: Born to Be a Star
8%
1990 Captain America
8%
2004 Daniel the Wizard
8%
2003 Dumb and Dumberer: When Harry Met Lloyd
8%
2014 Gunday
8%
2007 I Know Who Killed Me
8%
2007 In The Name of the King: A Dungeon Siege Tale
8%
2022 Jeepers Creepers: Reborn
8%
2014 Left Behind
8%
2006 Pledge This!
8%
1994 Police Academy: Mission to Moscow
8%
2018 Race 3
8%
2021 Radhe
8%
2002 Rollerball
8%
2016 Smolensk
8%
1997 Spice World
8%
2011 Spy Kids 4: All the Time in the World
8%
2019 Student of the Year 2
8%
2004 Superbabies: Baby Geniuses 2
8%
2010 Tees Maar Khan
8%
1994 Texas Chainsaw Massacre: The Next Generation
8%
2005 The Adventures of Sharkboy and Lavagirl 3-D
8%
2021 The Cost of Deception
8%
2000 The Flintstones in Viva Rock Vegas
8%
2005 The Fog
8%
2002 The Master of Disguise
8%
1994 The NeverEnding Story III
8%
2006 Turks in Space
8%
2007 Who's Your Caddy?
8%
2021 Cosmic Sin
0%
2002 Crossroads
0%
2007 Dragon Wars: D-War
0%
2018 Enes Batur: Imagination or Reality?
0%
2009 Goal! III
0%
2006 I'll Always Know What You Did Last Summer
0%
2020 Laxmii
0%
2009 Mega Shark vs Giant Octopus
0%
2012 Pirhanna 3DD
0%
2018 The Open House
0%
No matching quizzes found
Score Distribution
Percent of People with Each Score
Percentile by Number Answered
Your Score History
You have not taken this quiz